<?xml version="1.0" encoding="UTF-8"?>
<marc:record xmlns:marc="http://www.loc.gov/MARC21/slim">
   <marc:leader>00000nam a2200000 a 4500</marc:leader>
   <marc:datafield ind1="1" ind2=" " tag="100">
      <marc:subfield code="a">Miller, Terry</marc:subfield>
      <marc:subfield code="4">aut</marc:subfield>
      <marc:subfield code="e">Verfasser/-in</marc:subfield>
   </marc:datafield>
   <marc:datafield ind1=" " ind2=" " tag="653">
      <marc:subfield code="a">Rätsel</marc:subfield>
   </marc:datafield>
   <marc:datafield ind1="0" ind2="0" tag="245">
      <marc:subfield code="a">The DaVinci Code - Sakrileg</marc:subfield>
   </marc:datafield>
   <marc:datafield ind1="0" ind2="0" tag="245">
      <marc:subfield code="b">Die Suche nach der Wahrheit</marc:subfield>
   </marc:datafield>
   <marc:datafield ind1=" " ind2="1" tag="264">
      <marc:subfield code="b">Winning Moves</marc:subfield>
      <marc:subfield code="c">2006</marc:subfield>
   </marc:datafield>
   <marc:datafield ind1="1" ind2=" " tag="520">
      <marc:subfield code="a">15 mysteriöse Rätsel - inspiriert vom Film und Bestseller "The Da Vinci Code - Sakrileg" - müssen gelöst werden.&lt;br/&gt;&lt;br/&gt;Auf deiner Suche nach der Wahrheit findest du zahlreiche Indizien in ganz Europa.&lt;br/&gt;&lt;br/&gt;Mit Hilfe des einigarten Kryptex und der Chiffrier-Leiste entschlüsselst du die geheinmisvollen Botschaften und Hinweise.&lt;br/&gt;&lt;br/&gt;Sei dabei auf der Hut, ein bisschen gerissen und vergiß nicht, auch deine Rivalen auszuspähen. &lt;br/&gt;&lt;br/&gt;Alles ist voller Geheinmisse, aber die Antworten sind zum Greifen nahe - du brauchst nur die Augen offen und deine Gedanken für dich behalten.</marc:subfield>
   </marc:datafield>
   <marc:datafield ind1=" " ind2=" " tag="041">
      <marc:subfield code="a">ger</marc:subfield>
   </marc:datafield>
   <marc:datafield ind1="1" ind2=" " tag="521">
      <marc:subfield code="a">ab 12 Jahren</marc:subfield>
   </marc:datafield>
   <marc:datafield ind1="1" ind2=" " tag="521">
      <marc:subfield code="a">0</marc:subfield>
   </marc:datafield>
   <marc:datafield ind1=" " ind2=" " tag="300">
      <marc:subfield code="a">1 Spielplan, 1 Block Lösungsblätter, 1 Würfel, 1 Chiffrier-Leiste, 1 Kryptex mit 10 Dechiffrier-Streifen, 1 Spiegelkarte, 1 Sanduhr (30 Sekunden), 200 Informations- und Hinweiskarten, 1 Spielregel- &amp; Aufgabenbuch, 6 Spielfiguren in sechs Farben</marc:subfield>
   </marc:datafield>
</marc:record>
